| 000 | 01366nam a22003737a 4500 | ||
|---|---|---|---|
| 003 | CHAP | ||
| 005 | 20220329143522.0 | ||
| 008 | 101115s2007 mx r 00010 spa d | ||
| 010 | _a97913 | ||
| 011 | _a98885 | ||
| 020 | _a9789680204250 | ||
| 035 | _a109570 | ||
| 040 | _cCHAP | ||
| 090 | _aCD - 208 | ||
| 245 | 0 | 3 |
_aEl ambiente sociourbano regional [Disco compacto]: _bretos y perspectivas _c/coordinado por Roque Juan Carrasco Aquíno, José Alfredo castellanos Suárez y Ramón Rivera Espinosa |
| 250 | _a2a ed. | ||
| 260 |
_aChapingo, Méx. : _bUACH, _c2007 |
||
| 300 |
_a1 disco compacto _b4 3/4 plg. |
||
| 590 |
_aBATCH-UPD _b10 _c20130110 _lUCH01 _h1315 |
||
| 590 |
_aBATCH-UPD _b10 _c20130410 _lUCH01 _h0827 |
||
| 590 |
_aBATCH-UPD _b10 _c20130914 _lUCH01 _h0852 |
||
| 590 |
_aCONVERSION _b10 _c20130109 _lUCH01 _h1354 |
||
| 650 | 0 | 4 |
_aConocimiento, sociología del. _927231 |
| 650 | 0 | 4 |
_aDesarrollo social _zMéxico. _932080 |
| 650 | 0 | 4 |
_aInnovaciones tecnológicas. _958829 |
| 650 | 0 | 4 |
_aTecnología _xServicios de información. _9111956 |
| 700 | 0 |
_aCastellanos Suárez, José Alfredo. _920024 |
|
| 700 | 1 |
_aCarrasco Aquíno, Roque Juan. _919341 |
|
| 700 | 1 |
_aRivera Espinosa, Ramón. _997637 |
|
| 901 | _aBK | ||
| 942 | _cCD | ||
| 949 |
_aCD-208 _bBC _cCD _d33724002223090 _eCD _i109570 _sb |
||
| 949 |
_aCD-208 _bBC _cCD _d33724002223132 _eCD _fc.2 _i109570 _sb |
||
| 999 |
_c97913 _d97913 |
||